Comunicaciones: una introducción a las redes digitales de transmisión de datos y señales isócronas

Tallennettuna:
Bibliografiset tiedot
Päätekijät: Castro Lechtaler, Antonio Ricardo (Tekijä), Fusario, Rubén Jorge (Tekijä)
Aineistotyyppi: Kirja
Kieli:espanja
Julkaistu: Buenos Aires Alfaomega 2013
Painos:1a. ed
Aiheet:
Tagit: Lisää tagi
Ei tageja, Lisää ensimmäinen tagi!

MARC

LEADER 00000cam a2200000 a 4500
001 UCE5328
003 CL-VaPUC
008 141230e20130000ag |||||||||||||||||spa|d
020 |a 9789871609352 
082 0 4 |a 005.3  |b CAS  |2 21 
100 0 |a Castro Lechtaler, Antonio Ricardo  |e author  |9 577892 
700 0 |a Fusario, Rubén Jorge  |e author  |9 577893 
245 1 0 |a Comunicaciones: una introducción a las redes digitales de transmisión de datos y señales isócronas 
250 |a 1a. ed 
300 |a 704 p 
942 |c BK 
945 |d 20141230 16:04:00  |a dcastane 
260 |a Buenos Aires  |b Alfaomega  |c 2013 
650 0 |a Internet   |9 254823 
650 7 |a TRANSMISION DE DATOS  |2 CL-VaPUC  |9 460472 
650 0 |a Telecomunicaciones   |9 257195 
650 0 |a Redes de computadores  |9 263293 
583 |a last modification  |c 20190329 01:45:30  |k Rodrigo Vera 
999 |c 358075  |d 358073 
952 |0 0  |1 0  |3 erb  |4 0  |6 005_300000000000000_CAS_2013  |7 0  |8 A  |9 466342  |a BIBING  |b BIBING  |i 5131456  |o 005.3 CAS 2013  |p 5131456  |r 2025-01-20  |w 2019-11-23  |y BK  |z Catalogado en:20141230  |k CCI 
952 |0 0  |1 0  |3 erb  |4 0  |6 005_300000000000000_CAS_2013  |7 0  |8 A  |9 466343  |a BIBING  |b BIBING  |i 5131464  |o 005.3 CAS 2013  |p 5131464  |r 2025-01-20  |w 2019-11-23  |y BK  |z Catalogado en:20141230  |k CCI 
952 |0 0  |1 0  |3 erb  |4 0  |6 005_300000000000000_CAS_2013  |7 0  |8 A  |9 466344  |a BIBING  |b BIBING  |i 5131472  |o 005.3 CAS 2013  |p 5131472  |r 2025-01-20  |w 2019-11-23  |y BK  |z Catalogado en:20141230  |k CCI 
952 |0 0  |1 0  |3 erb  |4 0  |6 005_300000000000000_CAS_2013  |7 0  |8 A  |9 466345  |a BIBING  |b BIBING  |i 5540372  |o 005.3 CAS 2013  |p 5540372  |r 2025-01-20  |w 2019-11-23  |y BK  |z Catalogado en:20190329  |k CCI 
952 |0 0  |1 0  |3 erb  |4 0  |6 005_300000000000000_CAS_2013  |7 0  |8 A  |9 466346  |a BIBING  |b BIBING  |i 5540380  |o 005.3 CAS 2013  |p 5540380  |r 2025-01-20  |w 2019-11-23  |y BK  |z Catalogado en:20190329  |k CCI 
952 |0 0  |1 0  |3 erb  |4 0  |6 005_300000000000000_CAS_2013  |7 0  |8 A  |9 466347  |a BIBING  |b BIBING  |i 5540399  |o 005.3 CAS 2013  |p 5540399  |r 2025-01-20  |w 2019-11-23  |y BK  |z Catalogado en:20190329  |k CCI